000 00233nam a2200097Ia 4500
005 20251222154311.0
008 251222s9999||||xx |||||||||||||| ||spa||
082 _aREF.985.008/C76/T.VI/V.IV
245 0 _aAsuntos militares
942 _cLIB
999 _c33404
_d33404